000 00327nam a2200145 a 4500
008 970916s1983||||xx 0 und c
040 _aSNK
_bslo
_cSNK
_eAACR2
100 1 _aŠmok, Ján
245 1 0 _aZačněte fotografovat
260 _aPraha
_bSNTL
_c1983
300 _a263 s.
044 _aCZ
041 _acze
020 _c30
999 _c14874
_d14874